|
|
|
|
| LEADER |
01218nam a2200301 a 4500 |
| 001 |
16437 |
| 008 |
130620t20062005ii a b 001 0 eng d |
| 010 |
|
|
|a 2004108740
|
| 020 |
|
|
|a 0321247140
|
| 020 |
|
|
|a 8131700844
|
| 040 |
|
|
|a DLC
|c DLC
|d DLC
|d BD-DhAAL
|
| 082 |
0 |
0 |
|a 005.1/17
|2 22
|
| 100 |
1 |
|
|a Shalloway, Alan.
|
| 245 |
1 |
0 |
|a Design patterns explained :
|b a new perspective on object-oriented design /
|c Alan Shalloway, James R. Trott.
|
| 250 |
|
|
|a 2nd ed.
|
| 260 |
|
|
|a Boston, Mass. :
|b Addison-Wesley ;
|a New Delhi :
|b Dorling kindersley,
|c c2005 [first impression 2006].
|
| 300 |
|
|
|a xxxvii, 429 p. :
|b ill. ;
|c 24 cm.
|
| 490 |
|
4 |
|a The software patterns series
|
| 504 |
|
|
|a Includes bibliographical references (p. 409-418) and index.
|
| 541 |
|
|
|e 16437
|
| 650 |
|
0 |
|a Object-oriented methods (Computer science)
|
| 650 |
|
0 |
|a Object-oriented programming (Computer science)
|
| 650 |
|
0 |
|a Computer software
|x Development.
|
| 650 |
|
0 |
|a Software patterns.
|
| 700 |
1 |
|
|a Trott, James.
|
| 852 |
1 |
|
|a Ayesha Abed Library
|j General shelf.
|
| 999 |
|
|
|c 13616
|d 13616
|
| 952 |
|
|
|0 0
|1 0
|4 0
|6 005_117000000000000_SHA
|7 0
|9 22785
|a BRACUL
|b BRACUL
|c GEN
|d 2013-06-23
|l 1
|m 3
|o 005.117 SHA
|p 3010016437
|r 2019-09-30
|s 2019-08-25
|t 1
|w 2013-06-23
|y BK
|